Superhero Team Logos - Statistics

General Stats
  • This quiz has been taken 315 times
  • The average score is 8 of 10
Answer Stats
Picture Answer % Correct
Avengers
100%
The Incredibles
96%
X-Men
93%
Teen Titans
89%
Fantastic Four
87%
Guardians of the Galaxy
79%
The Powerpuff Girls
75%
Teenage Mutant Ninja Turtles
70%
Justice League
69%
The Jedi
26%
No matching quizzes found
Score Distribution
Percent of People with Each Score
Percentile by Number Answered
Your Score History
You have not taken this quiz